Taboo : the journal of culture and education

Detalles Bibliográficos
Formato: Desconocido
Lenguaje:inglés
Publicado: New York, NY : Caddo Gap Press
Materias:
Acceso en línea:Acceso restringido

MARC

LEADER 00000ny a22000003n 4500
005 20110512113035.0
008 950113c19959999us fr p 0 a0eng d
022 0 |a 1080-5400 
035 |a 3207 
040 |a NSDP  |c NSDP  |d vLex 
090 |c 1754  |d 1754 
130 0 |a Taboo (New York, N.Y.) 
245 3 0 |a Taboo :  |b the journal of culture and education  |h [Recurso electrn̤ico] 
256 |a Servicio en ln̕ea 
260 |a New York, NY :  |b Caddo Gap Press 
310 |a Bimestral 
506 1 |a Contenido solo disponible en los productos indicados  |d vLex Global  |d vLex Global (Academic Edition, excluding Law Schools)  |d vLex Global (Academic Edition, Law Schools) 
650 0 4 |a Antropologa̕ y educacin̤  |x Publicaciones perid̤icas 
740 0 |a vLex Revista (Servicios en ln̕ea) 
843 |a Electrn̤ica. Abierta 
853 |8 1  |i (year)  |j (month)  |k (day) 
856 4 0 |z Acceso restringido  |u http://vlex.com/account/login_ip?fuente_id=3207  
942 |c REV 
999 0 |a Educational anthropology  |v Periodicals.